Georgia : Request for a Three-Year Arrangement Under the Poverty Reduction and Growth Facility.

The staff report for the Request for a Three-Year Arrangement Under the Poverty Reduction and Growth Facility on Georgia focuses on economic developments and policies. The fiscal situation deteriorated sharply in 2003, especially because of a weakening in expenditure management and in tax enforcemen...

全面介紹

書目詳細資料
企業作者: International Monetary Fund
格式: 雜誌
語言:English
出版: Washington, D.C. : International Monetary Fund, 2004.
叢編:IMF Staff Country Reports; Country Report ; No. 2004/165
在線閱讀:Full text available on IMF
LEADER 01680cas a2200241 a 4500
001 AALejournalIMF003057
008 230101c9999 xx r poo 0 0eng d
020 |c 5.00 USD 
020 |z 9781451814491 
022 |a 1934-7685 
040 |a BD-DhAAL  |c BD-DhAAL 
110 2 |a International Monetary Fund. 
245 1 0 |a Georgia :   |b Request for a Three-Year Arrangement Under the Poverty Reduction and Growth Facility. 
264 1 |a Washington, D.C. :  |b International Monetary Fund,  |c 2004. 
300 |a 1 online resource (95 pages) 
490 1 |a IMF Staff Country Reports 
500 |a <strong>Off-Campus Access:</strong> No User ID or Password Required 
500 |a <strong>On-Campus Access:</strong> No User ID or Password Required 
506 |a Electronic access restricted to authorized BRAC University faculty, staff and students 
520 3 |a The staff report for the Request for a Three-Year Arrangement Under the Poverty Reduction and Growth Facility on Georgia focuses on economic developments and policies. The fiscal situation deteriorated sharply in 2003, especially because of a weakening in expenditure management and in tax enforcement. Policy discussions focused on strategies to address the challenges inherited from the previous administration and to reinvigorate the reform drive. Georgia's vulnerability to exogenous shocks and lingering tensions between central and regional authorities will continue to pose downward risks. 
538 |a Mode of access: Internet 
830 0 |a IMF Staff Country Reports; Country Report ;  |v No. 2004/165 
856 4 0 |z Full text available on IMF  |u http://elibrary.imf.org/view/journals/002/2004/165/002.2004.issue-165-en.xml  |z IMF e-Library